Вып. 41 : Адаптивность механизированных крепей; Вопросы горного давления

Detalles Bibliográficos
Parent link:Вопросы горного давления: сборник научных трудов/ Академия наук СССР (АН СССР), Сибирское отделение (СО), Институт горного дела (ИГД). Вып. 41 : Адаптивность механизированных крепей.— , 1959-1989
Autor Corporativo: Взаимодействие механизированных крепей с боковыми породами
Otros Autores: Курленя М. В. Михаил Владимирович (редактор)
Lenguaje:ruso
Publicado: 1983
Materias:
Formato: Libro
KOHA link:https://koha.lib.tpu.ru/cgi-bin/koha/opac-detail.pl?biblionumber=283044

MARC

LEADER 00000nam2a2200000 4500
001 283044
005 20231101235546.0
035 |a (RuTPU)RU\TPU\book\307070 
090 |a 283044 
100 |a 20150204d1983 k y0rusy5003 ca 
101 0 |a rus 
102 |a RU 
105 |a a z 001zy 
200 0 |a Вып. 41 : Адаптивность механизированных крепей  |f отв. ред. М. В. Курленя 
210 |d 1983 
215 |d 27 см  |a 134 с.  |c ил. 
320 |a Библиогр. в конце ст. 
461 1 |0 (RuTPU)RU\TPU\book\129555  |t Вопросы горного давления  |o сборник научных трудов  |f Академия наук СССР (АН СССР), Сибирское отделение (СО), Институт горного дела (ИГД)  |v Вып. 41 : Адаптивность механизированных крепей  |d 1959-1989 
606 1 |a Горное давление  |x Прогноз  |2 stltpush  |3 (RuTPU)RU\TPU\subj\7552  |9 35163 
606 1 |a Рудничное крепление передвижное  |x Давление горных пород  |x Статистические методы изучения  |2 stltpush  |3 (RuTPU)RU\TPU\subj\25589  |9 49707 
610 1 |a механизированные крепи 
610 1 |a адаптивность 
610 1 |a горные породы 
610 1 |a давление 
675 |a 622.831  |v 4 
675 |a 622.285  |v 4 
702 1 |a Курленя  |b М. В.  |g Михаил Владимирович  |4 340 
712 1 2 |a Взаимодействие механизированных крепей с боковыми породами  |c Всесоюзный семинар  |d 3  |e Москва  |f 1982 
801 0 |a RU  |b RuMRKP  |c 19950704  |g psbo 
801 1 |a RU  |b 63413507  |c 20150204 
801 2 |a RU  |b 63413507  |c 20180117  |g RCR 
942 |c BK